Welcome to WEB OPAC of MRSPTU Central Library

Switchgear and protection (Record no. 1881)

MARC details
000 -LEADER
fixed length control field 00390nam a2200157Ia 4500
008 - FIXED-LENGTH DATA ELEMENTS--GENERAL INFORMATION
fixed length control field 230711s9999||||xx |||||||||||||| ||und||
041 ## - LANGUAGE CODE
Language code of text/sound track or separate title ENG
082 ## - DEWEY DECIMAL CLASSIFICATION NUMBER
Classification number 621
Item number DE-S
100 ## - MAIN ENTRY--PERSONAL NAME
Personal name Deshpande,M.V
245 #0 - TITLE STATEMENT
Title Switchgear and protection
250 ## - EDITION STATEMENT
Edition statement 3rd
260 ## - PUBLICATION, DISTRIBUTION, ETC.
Date of publication, distribution, etc. 1991
Place of publication, distribution, etc. New Delhi
Name of publisher, distributor, etc. Tata McGraw Hill Education Limited
300 ## - PHYSICAL DESCRIPTION
Extent 247
650 ## - SUBJECT ADDED ENTRY--TOPICAL TERM
Topical term or geographic name entry element Electrical Engineering
942 ## - ADDED ENTRY ELEMENTS (KOHA)
Koha item type Book
Holdings
Withdrawn status Lost status Damaged status Not for loan Collection Home library Current library Date acquired Total checkouts Full call number Barcode Date last seen Price effective from Koha item type Date last checked out Date due
          MRSPTU Central Library MRSPTU Central Library     621 DE-S 8332 08/17/2023 08/17/2023 Book    
          MRSPTU Central Library MRSPTU Central Library     621.381 DE-S 12910 08/17/2023 08/17/2023 Book    
          MRSPTU Central Library MRSPTU Central Library     621.381 DE-S 12911 08/17/2023 08/17/2023 Book    
          MRSPTU Central Library MRSPTU Central Library   1 621.381 DE-S 12912 10/28/2024 08/17/2023 Book 10/28/2024  
          MRSPTU Central Library MRSPTU Central Library   2 621.381 DE-S 12913 09/29/2025 08/17/2023 Book 09/29/2025 06/17/2026

Website Designed and Developed by MRSPTU Central Library Team

E-mail Id: librarian@mrsptu.ac.in